Visual basic made simple /

में बचाया:
ग्रंथसूची विवरण
मुख्य लेखक: Morris, Stephen.
स्वरूप: पुस्तक
भाषा:English
प्रकाशित: Oxford : Made Simple Books, 1997
विषय:
टैग : टैग जोड़ें
कोई टैग नहीं, इस रिकॉर्ड को टैग करने वाले पहले व्यक्ति बनें!
Thư viện lưu trữ: Mạng thư viện Đại học Đà Nẵng
LEADER 00892cam a2200349 i 4500
001 000045714
003 4909
005 20021115571148.0
008 010220|1997 vm 000 eng
020 |a 0750632453 
040 |a IRC  |c IRC  |d IRC 
041 0 |a eng 
082 1 4 |a 005.43  |b MO-S 
100 1 |a Morris, Stephen. 
245 0 0 |a Visual basic made simple /  |c Stephen Morris 
260 |a Oxford :  |b Made Simple Books,  |c 1997 
300 |a viii, 200p. :  |b ill. 
630 0 4 |a Visual Basic 
650 0 4 |a BASIC (Computer program language) 
650 0 4 |a Microsoft Visual Basic for Windows 
650 0 4 |a Windows (Computer programs) 
OWN |a DUT 
049 0 0 |a mt 
999 |a From the UDN01 
TYP |a Monograph 
TYP |a Printed language 
980 |a Mạng thư viện Đại học Đà Nẵng